Normal view
MARC view
- MS-ELECT-16 MSTHESIS
Entry Topical Term
001 - CONTROL NUMBER
- control field: 72594
003 - CONTROL NUMBER IDENTIFIER
- control field: NUST
005 - DATE AND TIME OF LATEST TRANSACTION
- control field: 20210628204835.0
008 - FIXED-LENGTH DATA ELEMENTS
- fixed length control field: 210628|| aca||aabn | a|a d
040 ## - CATALOGING SOURCE
- Original cataloging agency: NUST
- Transcribing agency: NUST
150 ## - HEADING--TOPICAL TERM
- Topical term or geographic name entry element: MS-ELECT-16 MSTHESIS
670 ## - SOURCE DATA FOUND
- Source citation: Work cat.: (NUST): Masood Ur Rehman 72593, TH-SOF-1739-Self-Powered Vibrational Energy Harvester Based on Material Work-Function, 2020
